[Event "Stay Safe Play From Home 365"]
[Site "Emanuel Lasker Arena"]
[Date "2020.08.07"]
[Round "5"]
[White "Haxhi Baha"]
[Black "Sfantul321"]
[Result "1-0"]
[WhiteElo "2025"]
[BlackElo "1971"]
[Annotator "NA"]
[PlyCount "89"]
[EventDate "2020.08.07"]
[EventType "swiss (blitz)"]

1. e4 {[%emt 0:00:01]} g6 {[%emt 0:00:00]} 2. Nf3 {[%emt 0:00:01]} Bg7 {[%emt 0:00:00]} 3. d4 {[%emt 0:00:00]} d6 {[%emt 0:00:01]} 4. Nc3 {[%emt 0:00:00]} Nf6 {[%emt 0:00:00]} 5. h3 {[%emt 0:00:01]} c5 {[%emt 0:00:01]} 6. Be3 {[%emt 0:00:01]} cxd4 {[%emt 0:00:01]} 7. Nxd4 {[%emt 0:00:00]} Nc6 {[%emt 0:00:01]} 8. Qd2 {[%emt 0:00:01]} a6 {[%emt 0:00:02]} 9. O-O-O {[%emt 0:00:01]} Bd7 {[%emt 0:00:01]} 10. g4 {[%emt 0:00:01]} h6 {[%emt 0:00:02]} 11. Be2 {[%emt 0:00:01]} Qa5 {[%emt 0:00:02]} 12. Nb3 {[%emt 0:00:02]} Qd8 {[%emt 0:00:02]} 13. Kb1 {[%emt 0:00:01]} b5 {[%emt 0:00:01]} 14. f3 {[%emt 0:00:02]} Qc7 {[%emt 0:00:02]} 15. h4 {[%emt 0:00:01]} O-O-O {[%emt 0:00:01]} 16. g5 {[%emt 0:00:04]} hxg5 {[%emt 0:00:01]} 17. hxg5 {[%emt 0:00:00]} Nh5 {[%emt 0:00:01]} 18. Nd5 {[%emt 0:00:02]} Qb7 {[%emt 0:00:03]} 19. Rhg1 {[%emt 0:00:08]} Kb8 {[%emt 0:00:01]} 20. Nd4 {[%emt 0:00:06]} Nxd4 {[%emt 0:00:02]} 21. Bxd4 {[%emt 0:00:00]} Bxd4 {[%emt 0:00:02]} 22. Qxd4 {[%emt 0:00:00]} Be6 {[%emt 0:00:01]} 23. c4 {[%emt 0:00:02]} Bxd5 {[%emt 0:00:02]} 24. cxd5 {[%emt 0:00:01]} Nf4 {[%emt 0:00:01]} 25. Bd3 {[%emt 0:00:01]} Qa7 {[%emt 0:00:04]} 26. Qxa7+ {[%emt 0:00:02]} Kxa7 {[%emt 0:00:01]} 27. Rg4 {[%emt 0:00:01]} Nh5 {[%emt 0:00:03]} 28. f4 {[%emt 0:00:01]} e6 {[%emt 0:00:02]} 29. Rh1 {[%emt 0:00:02]} exd5 {[%emt 0:00:02]} 30. exd5 {[%emt 0:00:00]} Rhe8 {[%emt 0:00:01]} 31. f5 {[%emt 0:00:02]} Re3 {[%emt 0:00:02]} 32. fxg6 {[%emt 0:00:03]} fxg6 {[%emt 0:00:01]} 33. Bxg6 {[%emt 0:00:01]} Ng3 {[%emt 0:00:00]} 34. Rh7+ {[%emt 0:00:02]} Kb6 {[%emt 0:00:01]} 35. a3 {[%emt 0:00:00]} Rg8 {[%emt 0:00:02]} 36. Bf7 {[%emt 0:00:01]} Rc8 {[%emt 0:00:02]} 37. g6 {[%emt 0:00:00]} Nf5 {[%emt 0:00:02]} 38. Rf4 {[%emt 0:00:01]} Re5 {[%emt 0:00:02]} 39. g7 {[%emt 0:00:01]} Nxg7 {[%emt 0:00:01]} 40. Rxg7 {[%emt 0:00:00]} Re7 {[%emt 0:00:01]} 41. Be6 {[%emt 0:00:00]} Rxg7 {[%emt 0:00:01]} 42. Bxc8 {[%emt 0:00:01]} Rg1+ {[%emt 0:00:00]} 43. Ka2 {[%emt 0:00:01]} Kc5 {[%emt 0:00:00]} 44. Rf7 {[%emt 0:00:01]} Kxd5 {[%emt 0:00:01]} 45. Bb7+ {[%emt 0:00:01] (Lag: Av=0.46s, max=0.9s) (Lag: Av=0.46s, max=0.9s) (Lag: Av=0.46s, max=0.9s) (Lag: Av=0.46s, max=0.9s) (Lag: Av=0.46s, max=0.9s)} 1-0

[Event "Stay Safe Play From Home 365"]
[Site "Emanuel Lasker Arena"]
[Date "2020.08.07"]
[Round "5"]
[White "Batabat1955"]
[Black "Stefanone"]
[Result "1-0"]
[WhiteElo "1943"]
[BlackElo "1943"]
[Annotator "NA"]
[PlyCount "137"]
[EventDate "2020.08.07"]
[EventType "swiss (blitz)"]

1. d3 {[%emt 0:00:02]} d6 {[%emt 0:00:00]} 2. e4 {[%emt 0:00:00]} g6 {[%emt 0:00:02]} 3. f4 {[%emt 0:00:00]} Bg7 {[%emt 0:00:01]} 4. c3 {[%emt 0:00:00]} h5 {[%emt 0:00:01]} 5. Nf3 {[%emt 0:00:01]} Bg4 {[%emt 0:00:01]} 6. h3 {[%emt 0:00:00]} Bd7 {[%emt 0:00:02]} 7. Be2 {[%emt 0:00:01]} Nc6 {[%emt 0:00:00]} 8. Be3 {[%emt 0:00:01]} e5 {[%emt 0:00:00]} 9. Nbd2 {[%emt 0:00:02]} Qe7 {[%emt 0:00:01]} 10. O-O {[%emt 0:00:01]} O-O-O {[%emt 0:00:01]} 11. fxe5 {[%emt 0:00:01]} Nxe5 {[%emt 0:00:01]} 12. Nd4 {[%emt 0:00:02]} Kb8 {[%emt 0:00:01]} 13. N2f3 {[%emt 0:00:01]} a6 {[%emt 0:00:01]} 14. b4 {[%emt 0:00:01]} c5 {[%emt 0:00:02]} 15. bxc5 {[%emt 0:00:01]} dxc5 {[%emt 0:00:00]} 16. Nb3 {[%emt 0:00:01]} Nxf3+ {[%emt 0:00:01]} 17. Bxf3 {[%emt 0:00:02]} Bxc3 {[%emt 0:00:00]} 18. Rc1 {[%emt 0:00:01]} Bd4 {[%emt 0:00:02]} 19. Nxd4 {[%emt 0:00:01]} cxd4 {[%emt 0:00:00]} 20. Bxd4 {[%emt 0:00:00]} Bc6 {[%emt 0:00:01]} 21. Bxh8 {[%emt 0:00:02]} Nh6 {[%emt 0:00:01]} 22. Bg7 {[%emt 0:00:02]} Ng8 {[%emt 0:00:03]} 23. Bb2 {[%emt 0:00:03]} f6 {[%emt 0:00:00]} 24. Qe2 {[%emt 0:00:02]} Qd7 {[%emt 0:00:01]} 25. d4 {[%emt 0:00:02]} Bb5 {[%emt 0:00:01]} 26. Qf2 {[%emt 0:00:03]} Bxf1 {[%emt 0:00:00]} 27. Rxf1 {[%emt 0:00:01]} Qb5 {[%emt 0:00:01]} 28. d5 {[%emt 0:00:03]} Ne7 {[%emt 0:00:02]} 29. Bxf6 {[%emt 0:00:01]} Re8 {[%emt 0:00:01]} 30. Bxe7 {[%emt 0:00:01]} Rxe7 {[%emt 0:00:00]} 31. Re1 {[%emt 0:00:01]} Rc7 {[%emt 0:00:01]} 32. e5 {[%emt 0:00:01]} Rd7 {[%emt 0:00:01]} 33. e6 {[%emt 0:00:01]} Re7 {[%emt 0:00:01]} 34. Qg3+ {[%emt 0:00:01]} Ka7 {[%emt 0:00:01]} 35. Qe5 {[%emt 0:00:02]} Qc5+ {[%emt 0:00:00]} 36. Qe3 {[%emt 0:00:00]} Qxe3+ {[%emt 0:00:02]} 37. Rxe3 {[%emt 0:00:00]} Kb6 {[%emt 0:00:01]} 38. d6 {[%emt 0:00:02]} Re8 {[%emt 0:00:01]} 39. d7 {[%emt 0:00:01]} Rd8 {[%emt 0:00:00]} 40. e7 {[%emt 0:00:00]} Rxd7 {[%emt 0:00:01]} 41. e8=Q {[%emt 0:00:00]} Rd2 {[%emt 0:00:00]} 42. Qa4 {[%emt 0:00:03]} Rd6 {[%emt 0:00:02]} 43. Re6 {[%emt 0:00:00]} Kc5 {[%emt 0:00:01]} 44. Qb3 {[%emt 0:00:00]} Rd1+ {[%emt 0:00:02]} 45. Kh2 {[%emt 0:00:01]} Rd5 {[%emt 0:00:02]} 46. Re5 {[%emt 0:00:00]} Rxe5 {[%emt 0:00:01]} 47. Qc3+ {[%emt 0:00:00]} Kd6 {[%emt 0:00:01]} 48. Qd3+ {[%emt 0:00:00]} Ke6 {[%emt 0:00:01]} 49. Qc4+ {[%emt 0:00:01]} Kf6 {[%emt 0:00:01]} 50. Qc7 {[%emt 0:00:00]} Re7 {[%emt 0:00:01]} 51. Qxb7 {[%emt 0:00:00]} Rxb7 {[%emt 0:00:01]} 52. Bxb7 {[%emt 0:00:00]} Ke5 {[%emt 0:00:00]} 53. Bxa6 {[%emt 0:00:00]} Kf4 {[%emt 0:00:01]} 54. Be2 {[%emt 0:00:00]} Ke5 {[%emt 0:00:02]} 55. Bd3 {[%emt 0:00:00]} g5 {[%emt 0:00:01]} 56. Bg6 {[%emt 0:00:00]} h4 {[%emt 0:00:00]} 57. Bh5 {[%emt 0:00:01]} Kf4 {[%emt 0:00:00]} 58. Bf3 {[%emt 0:00:00]} Ke5 {[%emt 0:00:01]} 59. a4 {[%emt 0:00:00]} Kd4 {[%emt 0:00:00]} 60. a5 {[%emt 0:00:00]} Kc5 {[%emt 0:00:00]} 61. a6 {[%emt 0:00:00]} Kb6 {[%emt 0:00:00]} 62. a7 {[%emt 0:00:00]} Kxa7 {[%emt 0:00:00]} 63. Bg4 {[%emt 0:00:01]} Kb6 {[%emt 0:00:00]} 64. g3 {[%emt 0:00:00]} Kc5 {[%emt 0:00:00]} 65. gxh4 {[%emt 0:00:00]} gxh4 {[%emt 0:00:00]} 66. Kg2 {[%emt 0:00:01]} Kd4 {[%emt 0:00:00]} 67. Kf3 {[%emt 0:00:00]} Ke5 {[%emt 0:00:01]} 68. Be6 {[%emt 0:00:00]} Kf6 {[%emt 0:00:01]} 69. Kg4 {[%emt 0:00:00] Tempo Tempo Tempo Tempo Tempo (Lag: Av=0.34s, max=1.0s) (Lag: Av=0.34s, max=1.0s) (Lag: Av=0.34s, max=1.0s) (Lag: Av=0.34s, max=1.0s) (Lag: Av=0.34s, max=1.0s)} 1-0

[Event "Stay Safe Play From Home 365"]
[Site "Emanuel Lasker Arena"]
[Date "2020.08.07"]
[Round "5"]
[White "Ao017545"]
[Black "Cirovicz"]
[Result "0-1"]
[WhiteElo "1726"]
[BlackElo "1765"]
[Annotator "NA"]
[PlyCount "94"]
[EventDate "2020.08.07"]
[EventType "swiss (blitz)"]

1. e4 {[%emt 0:00:01]} e5 {[%emt 0:00:01]} 2. Nf3 {[%emt 0:00:00]} Nc6 {[%emt 0:00:01]} 3. Bc4 {[%emt 0:00:00]} d6 {[%emt 0:00:01]} 4. d3 {[%emt 0:00:00]} Bg4 {[%emt 0:00:01]} 5. Bg5 {[%emt 0:00:00]} f6 {[%emt 0:00:01]} 6. Be3 {[%emt 0:00:04]} Nd4 {[%emt 0:00:02]} 7. Bxd4 {[%emt 0:00:02]} exd4 {[%emt 0:00:01]} 8. h3 {[%emt 0:00:01]} Bh5 {[%emt 0:00:01]} 9. g4 {[%emt 0:00:01]} Bf7 {[%emt 0:00:01]} 10. Bxf7+ {[%emt 0:00:02]} Kxf7 {[%emt 0:00:01]} 11. Nxd4 {[%emt 0:00:00]} c5 {[%emt 0:00:02]} 12. Nf5 {[%emt 0:00:02]} g6 {[%emt 0:00:01]} 13. Ne3 {[%emt 0:00:03]} Bh6 {[%emt 0:00:00]} 14. Qf3 {[%emt 0:00:01]} Ne7 {[%emt 0:00:02]} 15. h4 {[%emt 0:00:02]} f5 {[%emt 0:00:01]} 16. exf5 {[%emt 0:00:02]} gxf5 {[%emt 0:00:01]} 17. g5 {[%emt 0:00:05]} Bg7 {[%emt 0:00:01]} 18. Nxf5 {[%emt 0:00:01]} Bxb2 {[%emt 0:00:03]} 19. Qd5+ {[%emt 0:00:01]} Kg6 {[%emt 0:00:02]} 20. Qe6+ {[%emt 0:00:02]} Kh5 {[%emt 0:00:01]} 21. Qh6+ {[%emt 0:00:02]} Kg4 {[%emt 0:00:01]} 22. Ne3+ {[%emt 0:00:01]} Kf3 {[%emt 0:00:03]} 23. Qh5+ {[%emt 0:00:05]} Kf4 {[%emt 0:00:01]} 24. Qg4+ {[%emt 0:00:01]} Ke5 {[%emt 0:00:01]} 25. f4+ {[%emt 0:00:01]} Kd4 {[%emt 0:00:02]} 26. c3+ {[%emt 0:00:04]} Kxd3 {[%emt 0:00:02]} 27. Ng2 {[%emt 0:00:01]} Bxc3+ {[%emt 0:00:02]} 28. Kd1 {[%emt 0:00:03]} Nd5 {[%emt 0:00:07]} 29. Qe2+ {[%emt 0:00:00]} Kd4 {[%emt 0:00:01]} 30. Nxc3 {[%emt 0:00:02]} Nxc3+ {[%emt 0:00:01]} 31. Kc2 {[%emt 0:00:02]} Nxe2 {[%emt 0:00:01]} 32. Rad1+ {[%emt 0:00:00]} Ke4 {[%emt 0:00:01]} 33. Rhe1 {[%emt 0:00:00]} Kf3 {[%emt 0:00:01]} 34. Rxe2 {[%emt 0:00:00]} Kg4 {[%emt 0:00:01]} 35. Rde1 {[%emt 0:00:00]} Rf8 {[%emt 0:00:01]} 36. Re6 {[%emt 0:00:00]} Rxf4 {[%emt 0:00:01]} 37. Ne3+ {[%emt 0:00:00]} Kh5 {[%emt 0:00:01]} 38. Ng2 {[%emt 0:00:01]} Kg4 {[%emt 0:00:01]} 39. Rh6 {[%emt 0:00:00]} Rf2+ {[%emt 0:00:01]} 40. Kc1 {[%emt 0:00:02]} Rxg2 {[%emt 0:00:01]} 41. Re4+ {[%emt 0:00:01]} Kf5 {[%emt 0:00:01]} 42. Rf6+ {[%emt 0:00:00]} Kxe4 {[%emt 0:00:01]} 43. Re6+ {[%emt 0:00:00]} Kd5 {[%emt 0:00:01]} 44. Re5+ {[%emt 0:00:01]} Kxe5 {[%emt 0:00:01]} 45. Kd1 {[%emt 0:00:01]} Qa5 {[%emt 0:00:01]} 46. Kc1 {[%emt 0:00:01]} Qc3+ {[%emt 0:00:01]} 47. Kd1 {[%emt 0:00:00]} Qd2# {[%emt 0:00:01] (Lag: Av=0.97s, max=1.4s) (Lag: Av=0.97s, max=1.4s) (Lag: Av=0.97s, max=1.4s) (Lag: Av=0.97s, max=1.4s) (Lag: Av=0.97s, max=1.4s)} 0-1

[Event "Stay Safe Play From Home 365"]
[Site "Emanuel Lasker Arena"]
[Date "2020.08.07"]
[Round "5"]
[White "Trotsky"]
[Black "Vask"]
[Result "1-0"]
[WhiteElo "1529"]
[BlackElo "1528"]
[Annotator "NA"]
[PlyCount "37"]
[EventDate "2020.08.07"]
[EventType "swiss (blitz)"]

1. d4 {[%emt 0:00:05]} d5 {[%emt 0:00:03]} 2. e3 {[%emt 0:00:01]} Nc6 {[%emt 0:00:03]} 3. c4 {[%emt 0:00:01]} dxc4 {[%emt 0:00:02]} 4. Bxc4 {[%emt 0:00:01]} e6 {[%emt 0:00:04]} 5. Nc3 {[%emt 0:00:01]} Bb4 {[%emt 0:00:03]} 6. Nf3 {[%emt 0:00:03]} Na5 {[%emt 0:00:02]} 7. Bd3 {[%emt 0:00:02]} Bxc3+ {[%emt 0:00:03]} 8. bxc3 {[%emt 0:00:01]} e5 {[%emt 0:00:01]} 9. Qc2 {[%emt 0:00:01]} exd4 {[%emt 0:00:02]} 10. exd4 {[%emt 0:00:01]} Ne7 {[%emt 0:00:04]} 11. Be3 {[%emt 0:00:01]} g6 {[%emt 0:00:03]} 12. h4 {[%emt 0:00:01]} O-O {[%emt 0:00:02]} 13. Ng5 {[%emt 0:00:01]} Nd5 {[%emt 0:00:05]} 14. O-O-O {[%emt 0:00:03]} Bg4 {[%emt 0:00:05]} 15. Rde1 {[%emt 0:00:03]} b6 {[%emt 0:00:04]} 16. h5 {[%emt 0:00:01]} c5 {[%emt 0:00:02]} 17. hxg6 {[%emt 0:00:01]} fxg6 {[%emt 0:00:01]} 18. Bxg6 {[%emt 0:00:01]} hxg6 {[%emt 0:00:02]} 19. Qxg6# {[%emt 0:00:01] (Lag: Av=0.67s, max=0.9s) (Lag: Av=0.67s, max=0.9s) (Lag: Av=0.67s, max=0.9s) (Lag: Av=0.67s, max=0.9s) (Lag: Av=0.67s, max=0.9s) Mate Mate Mate Mate Mate} 1-0

[Event "Stay Safe Play From Home 365"]
[Site "Emanuel Lasker Arena"]
[Date "2020.08.07"]
[Round "5"]
[White "Klasman"]
[Black "SoulofWolf"]
[Result "0-1"]
[WhiteElo "1414"]
[BlackElo "2164"]
[PlyCount "62"]
[EventDate "2020.08.07"]
[EventType "swiss (blitz)"]

1. f4 {[%emt 0:00:02]} d5 {[%emt 0:00:00]} 2. e3 {[%emt 0:00:02]} g6 {[%emt 0:00:00]} 3. Nf3 {[%emt 0:00:01]} Bg7 {[%emt 0:00:00]} 4. d4 {[%emt 0:00:01]} c6 {[%emt 0:00:00]} 5. Bd3 {[%emt 0:00:02]} e6 {[%emt 0:00:01]} 6. Nc3 {[%emt 0:00:01]} Ne7 {[%emt 0:00:00]} 7. Bd2 {[%emt 0:00:01]} h5 {[%emt 0:00:00]} 8. O-O {[%emt 0:00:01]} Nd7 {[%emt 0:00:00]} 9. Ne5 {[%emt 0:00:01]} Nf5 {[%emt 0:00:01]} 10. Bxf5 {[%emt 0:00:03]} exf5 {[%emt 0:00:01]} 11. Qf3 {[%emt 0:00:02]} Nf6 {[%emt 0:00:01]} 12. h3 {[%emt 0:00:02]} h4 {[%emt 0:00:02]} 13. Rad1 {[%emt 0:00:05]} Be6 {[%emt 0:00:01]} 14. Na4 {[%emt 0:00:02]} Nh5 {[%emt 0:00:07]} 15. Nc5 {[%emt 0:00:02]} b6 {[%emt 0:00:01]} 16. Nxe6 {[%emt 0:00:02]} fxe6 {[%emt 0:00:00]} 17. Nxg6 {[%emt 0:00:02]} Ng3 {[%emt 0:00:03]} 18. Nxh8 {[%emt 0:00:05]} Nxf1 {[%emt 0:00:02]} 19. Rxf1 {[%emt 0:00:01]} Bxh8 {[%emt 0:00:01]} 20. Qh5+ {[%emt 0:00:02]} Kd7 {[%emt 0:00:01]} 21. Qf7+ {[%emt 0:00:02]} Qe7 {[%emt 0:00:03]} 22. Qxe7+ {[%emt 0:00:04]} Kxe7 {[%emt 0:00:00]} 23. Bb4+ {[%emt 0:00:02]} Kf6 {[%emt 0:00:04]} 24. Be1 {[%emt 0:00:02]} c5 {[%emt 0:00:01]} 25. Bxh4+ {[%emt 0:00:01]} Kg6 {[%emt 0:00:00]} 26. g4 {[%emt 0:00:01]} cxd4 {[%emt 0:00:02]} 27. exd4 {[%emt 0:00:02]} Bxd4+ {[%emt 0:00:00]} 28. Kg2 {[%emt 0:00:01]} Bxb2 {[%emt 0:00:00]} 29. gxf5+ {[%emt 0:00:03]} Kxf5 {[%emt 0:00:01]} 30. Bg5 {[%emt 0:00:01]} Rc8 {[%emt 0:00:08]} 31. h4 {[%emt 0:00:00]} Bd4 {[%emt 0:00:03] Time Time Time Time Time (Lag: Av=0.34s, max=0.9s) (Lag: Av=0.34s, max=0.9s) (Lag: Av=0.34s, max=0.9s) (Lag: Av=0.34s, max=0.9s) (Lag: Av=0.34s, max=0.9s) . . . . .} 0-1

[Event "Stay Safe Play From Home 365"]
[Site "Emanuel Lasker Arena"]
[Date "2020.08.07"]
[Round "6"]
[White "AChessPlayer"]
[Black "BrainThinker22"]
[Result "1-0"]
[WhiteElo "2443"]
[BlackElo "2315"]
[Annotator "NA"]
[PlyCount "119"]
[EventDate "2020.08.07"]
[EventType "swiss (blitz)"]

1. Nf3 {[%emt 0:00:01]} d5 {[%emt 0:00:01]} 2. g3 {[%emt 0:00:00]} e6 {[%emt 0:00:00]} 3. Bg2 {[%emt 0:00:00]} c5 {[%emt 0:00:00]} 4. O-O {[%emt 0:00:00]} Nc6 {[%emt 0:00:00]} 5. d3 {[%emt 0:00:01]} Nf6 {[%emt 0:00:00]} 6. Nbd2 {[%emt 0:00:00]} Be7 {[%emt 0:00:00]} 7. e4 {[%emt 0:00:00]} O-O {[%emt 0:00:00]} 8. Re1 {[%emt 0:00:01]} Re8 {[%emt 0:00:00]} 9. e5 {[%emt 0:00:01]} Nd7 {[%emt 0:00:00]} 10. Qe2 {[%emt 0:00:00]} f6 {[%emt 0:00:00]} 11. exf6 {[%emt 0:00:02]} Bxf6 {[%emt 0:00:00]} 12. c3 {[%emt 0:00:03]} a6 {[%emt 0:00:02]} 13. a4 {[%emt 0:00:01]} Nce5 {[%emt 0:00:03]} 14. Nxe5 {[%emt 0:00:01]} Nxe5 {[%emt 0:00:00]} 15. Nf3 {[%emt 0:00:00]} Nxf3+ {[%emt 0:00:01]} 16. Bxf3 {[%emt 0:00:00]} Bd7 {[%emt 0:00:00]} 17. Bg4 {[%emt 0:00:03]} b5 {[%emt 0:00:02]} 18. Bf4 {[%emt 0:00:04]} e5 {[%emt 0:00:04]} 19. Bd2 {[%emt 0:00:01]} e4 {[%emt 0:00:02]} 20. axb5 {[%emt 0:00:03]} Bxg4 {[%emt 0:00:04]} 21. Qxg4 {[%emt 0:00:01]} axb5 {[%emt 0:00:00]} 22. Rxa8 {[%emt 0:00:03]} Qxa8 {[%emt 0:00:00]} 23. dxe4 {[%emt 0:00:00]} dxe4 {[%emt 0:00:00]} 24. Be3 {[%emt 0:00:00]} b4 {[%emt 0:00:03]} 25. cxb4 {[%emt 0:00:02]} cxb4 {[%emt 0:00:00]} 26. b3 {[%emt 0:00:00]} Bc3 {[%emt 0:00:02]} 27. Rd1 {[%emt 0:00:01]} Qc8 {[%emt 0:00:02]} 28. Rd7 {[%emt 0:00:02]} Rd8 {[%emt 0:00:06]} 29. Qe6+ {[%emt 0:00:03]} Kh8 {[%emt 0:00:02]} 30. Rxd8+ {[%emt 0:00:04]} Qxd8 {[%emt 0:00:00]} 31. Qxe4 {[%emt 0:00:00]} h6 {[%emt 0:00:03]} 32. Kg2 {[%emt 0:00:01]} Qd7 {[%emt 0:00:02]} 33. h4 {[%emt 0:00:02]} Qf7 {[%emt 0:00:01]} 34. Qa8+ {[%emt 0:00:01]} Kh7 {[%emt 0:00:01]} 35. Qe4+ {[%emt 0:00:00]} Kh8 {[%emt 0:00:00]} 36. Qc2 {[%emt 0:00:01]} Qd5+ {[%emt 0:00:01]} 37. f3 {[%emt 0:00:01]} Qe5 {[%emt 0:00:01]} 38. Bf2 {[%emt 0:00:01]} Qd5 {[%emt 0:00:02]} 39. g4 {[%emt 0:00:01]} Kg8 {[%emt 0:00:03]} 40. h5 {[%emt 0:00:01]} Qd6 {[%emt 0:00:01]} 41. Bg3 {[%emt 0:00:01]} Qe6 {[%emt 0:00:01]} 42. Kh3 {[%emt 0:00:02]} Be1 {[%emt 0:00:02]} 43. Qe4 {[%emt 0:00:04]} Qxe4 {[%emt 0:00:01]} 44. fxe4 {[%emt 0:00:00]} Bc3 {[%emt 0:00:00]} 45. Bd6 {[%emt 0:00:01]} Kf7 {[%emt 0:00:01]} 46. Kg3 {[%emt 0:00:00]} g6 {[%emt 0:00:00]} 47. Kf4 {[%emt 0:00:01]} gxh5 {[%emt 0:00:01]} 48. gxh5 {[%emt 0:00:01]} Ke6 {[%emt 0:00:00]} 49. Bf8 {[%emt 0:00:01]} Kf7 {[%emt 0:00:00]} 50. Kg4 {[%emt 0:00:00]} Kxf8 {[%emt 0:00:01]} 51. Kf5 {[%emt 0:00:00]} Kf7 {[%emt 0:00:00]} 52. e5 {[%emt 0:00:00]} Ke7 {[%emt 0:00:01]} 53. Kg6 {[%emt 0:00:00]} Bd2 {[%emt 0:00:00]} 54. Kf5 {[%emt 0:00:01]} Kf7 {[%emt 0:00:00]} 55. e6+ {[%emt 0:00:00]} Ke7 {[%emt 0:00:00]} 56. Ke5 {[%emt 0:00:00]} Bg5 {[%emt 0:00:00]} 57. Kd5 {[%emt 0:00:00]} Bf6 {[%emt 0:00:00]} 58. Kc4 {[%emt 0:00:00]} Bc3 {[%emt 0:00:00]} 59. Kd5 {[%emt 0:00:00]} Kf6 {[%emt 0:00:00]} 60. Kd6 {[%emt 0:00:00] Time Time Time Time Time (Lag: Av=0.55s, max=1.5s) (Lag: Av=0.55s, max=1.5s) (Lag: Av=0.55s, max=1.5s) (Lag: Av=0.55s, max=1.5s) (Lag: Av=0.55s, max=1.5s)} 1-0

[Event "Stay Safe Play From Home 365"]
[Site "Emanuel Lasker Arena"]
[Date "2020.08.07"]
[Round "6"]
[White "Lamborghini"]
[Black "Batabat1955"]
[Result "1-0"]
[WhiteElo "2342"]
[BlackElo "1960"]
[Annotator "NA"]
[PlyCount "51"]
[EventDate "2020.08.07"]
[EventType "swiss (blitz)"]
[TimeControl "60"]

1. e4 {[%emt 0:00:01]} e6 {[%emt 0:00:01]} 2. d4 {[%emt 0:00:01]} d5 {[%emt 0:00:00]} 3. Nc3 {[%emt 0:00:00]} dxe4 {[%emt 0:00:01]} 4. Nxe4 {[%emt 0:00:01]} Be7 {[%emt 0:00:00]} 5. Nf3 {[%emt 0:00:01]} Nd7 {[%emt 0:00:00]} 6. Bd3 {[%emt 0:00:01]} Ngf6 {[%emt 0:00:02]} 7. Qe2 {[%emt 0:00:00]} Nxe4 {[%emt 0:00:01]} 8. Qxe4 {[%emt 0:00:01]} Nf6 {[%emt 0:00:01]} 9. Qe2 {[%emt 0:00:01]} O-O {[%emt 0:00:01]} 10. Bg5 {[%emt 0:00:01]} g6 {[%emt 0:00:02]} 11. h4 {[%emt 0:00:02]} c5 {[%emt 0:00:01]} 12. dxc5 {[%emt 0:00:01]} Qa5+ {[%emt 0:00:02]} 13. c3 {[%emt 0:00:00]} Qxc5 {[%emt 0:00:01]} 14. Ne5 {[%emt 0:00:01]} Nd5 {[%emt 0:00:03]} 15. Bxe7 {[%emt 0:00:01]} Nxe7 {[%emt 0:00:01]} 16. h5 {[%emt 0:00:01]} Nf5 {[%emt 0:00:01]} 17. Bxf5 {[%emt 0:00:01]} exf5 {[%emt 0:00:01]} 18. O-O-O {[%emt 0:00:01]} Re8 {[%emt 0:00:02]} 19. hxg6 {[%emt 0:00:01]} Qxe5 {[%emt 0:00:03]} 20. gxh7+ {[%emt 0:00:02]} Kh8 {[%emt 0:00:04]} 21. Qxe5+ {[%emt 0:00:01]} Rxe5 {[%emt 0:00:01]} 22. Rd8+ {[%emt 0:00:00]} Kg7 {[%emt 0:00:01]} 23. h8=Q+ {[%emt 0:00:01]} Kg6 {[%emt 0:00:01]} 24. Qxe5 {[%emt 0:00:00]} Be6 {[%emt 0:00:01]} 25. Rd6 {[%emt 0:00:03]} Re8 {[%emt 0:00:02]} 26. g4 {[%emt 0:00:01] Batabat1955 resigns (Lag: Av=0.49s, max=0.9s)} 1-0

[Event "Stay Safe Play From Home 365"]
[Site "Emanuel Lasker Arena"]
[Date "2020.08.07"]
[Round "6"]
[White "SoulofWolf"]
[Black "Buzaglo"]
[Result "1/2-1/2"]
[WhiteElo "2165"]
[BlackElo "1834"]
[PlyCount "96"]
[EventDate "2020.08.07"]
[EventType "swiss (blitz)"]

1. e3 {[%emt 0:00:00]} e6 {[%emt 0:00:01]} 2. d4 {[%emt 0:00:00]} d5 {[%emt 0:00:00]} 3. f3 {[%emt 0:00:01]} c5 {[%emt 0:00:00]} 4. Ne2 {[%emt 0:00:00]} cxd4 {[%emt 0:00:00]} 5. exd4 {[%emt 0:00:00]} Nc6 {[%emt 0:00:01]} 6. Be3 {[%emt 0:00:00]} Bb4+ {[%emt 0:00:00]} 7. c3 {[%emt 0:00:01]} Bd6 {[%emt 0:00:00]} 8. Nd2 {[%emt 0:00:00]} Nf6 {[%emt 0:00:01]} 9. g3 {[%emt 0:00:01]} e5 {[%emt 0:00:00]} 10. Bg2 {[%emt 0:00:01]} exd4 {[%emt 0:00:01]} 11. Nxd4 {[%emt 0:00:00]} Nxd4 {[%emt 0:00:01]} 12. Bxd4 {[%emt 0:00:00]} O-O {[%emt 0:00:00]} 13. O-O {[%emt 0:00:01]} Qc7 {[%emt 0:00:01]} 14. Nb3 {[%emt 0:00:02]} Be6 {[%emt 0:00:03]} 15. Qd2 {[%emt 0:00:01]} Rfe8 {[%emt 0:00:02]} 16. Qf2 {[%emt 0:00:01]} Rad8 {[%emt 0:00:01]} 17. Bxa7 {[%emt 0:00:01]} d4 {[%emt 0:00:03]} 18. Nxd4 {[%emt 0:00:03]} Bd7 {[%emt 0:00:01]} 19. Nb3 {[%emt 0:00:04]} Bc6 {[%emt 0:00:01]} 20. Bb6 {[%emt 0:00:01]} Qd7 {[%emt 0:00:01]} 21. Bxd8 {[%emt 0:00:00]} Qxd8 {[%emt 0:00:00]} 22. Rad1 {[%emt 0:00:01]} Qc7 {[%emt 0:00:00]} 23. Nd4 {[%emt 0:00:03]} Bc5 {[%emt 0:00:01]} 24. Rfe1 {[%emt 0:00:01]} b6 {[%emt 0:00:01]} 25. Rxe8+ {[%emt 0:00:01]} Nxe8 {[%emt 0:00:00]} 26. f4 {[%emt 0:00:03]} Bd7 {[%emt 0:00:04]} 27. Qf3 {[%emt 0:00:04]} h5 {[%emt 0:00:03]} 28. Kh1 {[%emt 0:00:02]} Bg4 {[%emt 0:00:01]} 29. Qe3 {[%emt 0:00:04]} Bxd1 {[%emt 0:00:00]} 30. Qxe8+ {[%emt 0:00:01]} Kh7 {[%emt 0:00:01]} 31. Qe4+ {[%emt 0:00:01]} g6 {[%emt 0:00:02]} 32. Qd3 {[%emt 0:00:01]} Bg4 {[%emt 0:00:02]} 33. h3 {[%emt 0:00:00]} Bf5 {[%emt 0:00:01]} 34. Qd2 {[%emt 0:00:02]} Bxd4 {[%emt 0:00:01]} 35. cxd4 {[%emt 0:00:00]} Qc4 {[%emt 0:00:01]} 36. b3 {[%emt 0:00:02]} Qe6 {[%emt 0:00:03]} 37. Kh2 {[%emt 0:00:01]} Qd6 {[%emt 0:00:01]} 38. Qe3 {[%emt 0:00:01]} b5 {[%emt 0:00:01]} 39. Qe5 {[%emt 0:00:01]} Qb6 {[%emt 0:00:02]} 40. d5 {[%emt 0:00:01]} Qf2 {[%emt 0:00:02]} 41. d6 {[%emt 0:00:01]} Qd2 {[%emt 0:00:02]} 42. g4 {[%emt 0:00:02]} hxg4 {[%emt 0:00:01]} 43. hxg4 {[%emt 0:00:00]} Bxg4 {[%emt 0:00:00]} 44. Qf6 {[%emt 0:00:01]} Kh6 {[%emt 0:00:03]} 45. Qg5+ {[%emt 0:00:01]} Kg7 {[%emt 0:00:02]} 46. Qe5+ {[%emt 0:00:01]} Kh7 {[%emt 0:00:01]} 47. Qe7 {[%emt 0:00:01]} Kg7 {[%emt 0:00:01]} 48. Qe5+ {[%emt 0:00:02]} Kh7 {[%emt 0:00:02] (Lag: Av=0.43s, max=1.4s) (Lag: Av=0.43s, max=1.4s) (Lag: Av=0.43s, max=1.4s) (Lag: Av=0.43s, max=1.4s) (Lag: Av=0.43s, max=1.4s)} 1/2-1/2